000
00246nam a2200097Ia 4500
008
230915s9999 xx 000 0 und d
050
_a
REF: K 183 .K 46 K 46 V.505
100
_a
KENYA REPUBLIC
245
4
_a
THE TRADE DESCRIPTIONS ACT
942
_c
BK
999
_c
63019
_d
63019